000 01263nam a2200301 a 4500
001 ebr10552216
003 CaPaEBR
006 m u
007 cr cn|||||||||
008 120424s2012 ts a sb 001 0 eng d
040 _aCaPaEBR
_cCaPaEBR
035 _a(OCoLC)794490146
050 1 4 _aTS255
_b.R48 2012eb
245 0 2 _aA review
_h[electronic resource] :
_bchill-block melt spin technique, theories & applications /
_cedited by Mustafa Kamal and Usama S. Mohammad.
246 3 _aA review :
_bchill-block melt spin technique, theories and applications
260 _aDubai, United Arab Emirates :
_bBentham Books,
_c2012.
300 _aii, 185 p. :
_bill. (some col.)
504 _aIncludes bibliographical references and index.
533 _aElectronic reproduction.
_bPalo Alto, Calif. :
_cebrary,
_d2011.
_nAvailable via World Wide Web.
_nAccess may be limited to ebrary affiliated libraries.
650 0 _aMelt spinning.
650 0 _aAlloys.
650 0 _aSolidification.
655 7 _aElectronic books.
_2local
700 1 _aKamal, Mustafa.
700 1 _aMohammad, Usama S.
710 2 _aebrary, Inc.
856 4 0 _uhttp://site.ebrary.com/lib/rucke/Doc?id=10552216
_zAn electronic book accessible through the World Wide Web; click to view
999 _c199292
_d199292